Zdaňovanie príjmov v krajinách EÚ

Sadzby daní z príjmov fyzických a právnických osôb v krajinách Európskej únie. Porovnanie rokov 2000, 2010 a 2011. Dane z príjmov vo vybraných krajinách EÚ: v Nemecku, Francúzsku, Českej republike a Maďarsku.

Enregistré dans:
Détails bibliographiques
Auteur principal: Ďurinová, Ivona, 1964-
Format: Chapitre de livre
Langue:slovaque
Sujets:
Tags: Ajouter un tag
Pas de tags, Soyez le premier à ajouter un tag!

MARC

LEADER 00000nla$a2200000$$$4500
001 0142328
005 20240502072541.8
041 0 |a slo 
044 |a SK 
245 1 0 |a Zdaňovanie príjmov v krajinách EÚ  |c Ivona Ďurinová 
520 |a Sadzby daní z príjmov fyzických a právnických osôb v krajinách Európskej únie. Porovnanie rokov 2000, 2010 a 2011. Dane z príjmov vo vybraných krajinách EÚ: v Nemecku, Francúzsku, Českej republike a Maďarsku. 
610 2 0 |a dane z príjmov 
610 2 0 |a osoby fyzické 
610 2 0 |a osoby právnické 
610 2 0 |a porovnanie medzinárodné 
610 2 0 |a Európska únia 
100 1 |a Ďurinová, Ivona, 1964-